logo

Bir Sreshtho Munshi Abdur Rouf Library
Jhenaidah Cadet College

Beyond The Bottom Line / (Record no. 4517)

MARC details
000 -LEADER
fixed length control field 00579nam a2200229 a 4500
001 - CONTROL NUMBER
JCCL Control Number 4517
003 - CONTROL NUMBER IDENTIFIER
JCCL marc code BD-JhCC
005 - DATE AND TIME OF LATEST TRANSACTION
control field 20171128103750.0
008 - FIXED-LENGTH DATA ELEMENTS--GENERAL INFORMATION
fixed length control field 171128s1985 n |||| || | 001 0 eng d
035 ## - SYSTEM CONTROL NUMBER
system control number (BD-JhCC)4517
040 ## - CATALOGING SOURCE
Original cataloging agency BD-JhCC
Modifying agency BD-JhCC
041 ## - LANGUAGE CODE
Language code of Book eng
082 ## - DEWEY DECIMAL CLASSIFICATION NUMBER
Classification number 658.15
Author mark and Year TUL 1985
100 ## - MAIN ENTRY--PERSONAL NAME
Personal name Tuleja, Tad
245 ## - TITLE STATEMENT
Title Beyond The Bottom Line /
Statement of responsibility, etc Tad Tuleja,
260 ## - PUBLICATION, DISTRIBUTION, ETC. (IMPRINT)
Place of publication, distribution, etc New York :
Name of publisher, distributor, etc Facts On File Publications,
Date of publication, distribution, etc 1985.
300 ## - PHYSICAL DESCRIPTION
Pagination 222 p. :
Dimensions 24 cm.
650 ## - SUBJECT ADDED ENTRY--TOPICAL TERM
Topical term or geographic name as entry element Accounting
650 ## - SUBJECT ADDED ENTRY--TOPICAL TERM
Topical term or geographic name as entry element Corporations Finance
942 ## - ADDED ENTRY ELEMENTS (KOHA)
Source of classification or shelving scheme Dewey Decimal Classification
Koha item type Books
Holdings
Source of classification or shelving scheme Damaged status Not for loan Home library Current library Shelving location Date of accession Total Checkouts Full call number Barcode Date last seen Copy number Koha item type
Dewey Decimal Classification     JCC Rouf Library JCC Rouf Library General Stacks 11/28/2017   658.15 TUL 1985 6289 11/28/2017 C- 1 Books

JCC Library | Contacts | JCC Home

Last Update on 23 September 2017
Copyright @ 2017-2020 JCC Rouf Library
Rouf Library, Jhenidah Cadet College (JCC), Bangladesh